01198nam a2200349 c 450000100060000000300100000600500170001600700030003300800410003601700500007702000180012704000290014504100130017404400110018708000130019810000350021124000280024624501090027425000180038326400290040126400960043026400110052630000640053733600400060133700330064133800280067465000090070265500300071165500300074170000390077170000380081057938CO-BoRNBP20250813163753.0ta191105s2019 sp a | |||| 000 j spa  aM 12695-2019bOficina Depósito Legal Madrid a9788469626917 aSpMaBNbspacSpMaBNerda1 aspaheng aspamy a087.5:821 aDonaldson, Juliad1948-eautor14aThe smeds and the smoos10aBill y Janetcun cuento de Julia Donaldson ; ilustrado por Axel Scheffler ; traducción, Roberto Vivero a1a. edición 1aMadridbBruño,c[2019] 3aImpreso en Malasiab[fabricante no identificado],c[fecha de fabricación no identificada] 4c©2019 a36 páginas sin numerarbilustraciones (color)c26 x 29 cm aTextoaImagen fija2rdacontentbtxt asin mediación2rdamediabn avolumen2rdacarrierbnc 2LEMB 7aLibros infantiles2tgfbne 7aLibros ilustrados2tgfbne1 aScheffler, Axeld1957-eilustrador1 aVivero, Robertod1972-etraductor